000 01959nam a2200529 a 4500
001 20268
003 CZ PrNK
005 20260120125648.0
007 ta
008 051214s2005 xr ac e 000 1bcze
015 _acnb001635157
020 _a8090330584
_q(váz.)
_z978-80-903305-8-0
_z809033058-4
035 _a(OCoLC)85165819
040 _aOLA001
_bcze
_dABA001
043 _ae-xr---
072 7 _a796
_xSport. Hry. Tělesná cvičení
_2Konspekt
072 7 _a929
_xBiografie
_2Konspekt
080 _a929
_2MRF
080 _a796.966.071.2
_2MRF
080 _a796.966.071.43
_2MRF
080 _a796.966
_2MRF
080 _a(437.3)
_2MRF
080 _a(0:82-94)
_2MRF
080 _a(084.12)
_2MRF
100 1 _aHlinková, Liběna,
_d1958-
_4aut
245 1 0 _aIvan Hlinka /
_cLiběna Hlinková, Jaroslav Kirchner, Miroslav Zukal
250 _a1. vyd.
260 _aV Praze :
_bZEMS,
_c2005
300 _a182 s. :
_bbarev. il., portréty ;
_c24 cm
600 1 7 _aHlinka, Ivan,
_d1950-2004
_2czenas
650 0 7 _ahokejisté
_zČesko
_y20. století
_2czenas
650 0 7 _ahokejoví trenéři
_zČesko
_y20.-21. století
_2czenas
650 0 7 _alední hokej
_zČesko
_2czenas
650 0 9 _ahockey players
_zCzechia
_y20th century
_2eczenas
650 0 9 _ahockey coaches
_zCzechia
_y20th-21st centuries
_2eczenas
650 0 9 _aice hockey
_zCzechia
_2eczenas
655 7 _avzpomínky
_2czenas
655 7 _afotografické publikace
_2czenas
655 9 _areminiscences
_2eczenas
655 9 _aphotographical works
_2eczenas
700 1 _aKirchner, Jaroslav,
_d1953-
_4aut
700 1 _aZukal, Miroslav
_4aut
856 4 1 _uhttp://krameriusndk.nkp.cz/search/handle/uuid:d3f81610-92f9-11e3-8e84-005056827e51
_yDigitalizovaný dokument
901 _aEAN 978-80-903305-8-0
_aISBN 809033058-4
_b9788090330580
_f1. vyd.
_gJedno chybné ISBN uvedeno v tiráži; druhé na zadní straně desky v čárovém kódu
_o20060221
910 _aABA001
942 _2ddc
_cOLDO
_n0
999 _c20268
_d20268